00621nam a2200205Ia 4500008004100000100002700041245005200068245002700120260000900147260000900156300003600165440003400201650002300235650001300258650001400271650002100285942001200306999001900318952007800337190412s9999 xx 000 0 und d aNick Couldry & Jun Yu  aDeconstructing datafication's brave new world / cNick Couldry & Jun Yu  bSage c2018 apages 4473-4491, December 2018  aNew Media & Society v20 (12) aAdaptive Learning  aAutonomy aBig Data  aMEDIA & SOCIETY  2lcccSE c361399d361399 00102lcc40aCLbCLcPERd2019-04-12l0r2019-04-12 00:00:00w2019-04-12